Nazwy geograficzne wspomniane w hymnie Polski z mapą - Statystyki

Ogólne statystyki
  • Ten quiz został rozwiązany 120 razy
  • Średni wynik to 6 z 6
Odpowiedzi na mapie
Odpowiedzi zakodowano w zielono-czerwonej skali na mapie do tego quizu, zgodnie z poniższymi procentami.
 
Statystyki odpowiedzi
Rodzaj Odpowiedź % Poprawnych
Państwo Szwecja
99%
Rzeka Wisła
99%
Państwo Włochy
99%
Rzeka Warta
98%
Państwo Polska
96%
Miasto Poznań
94%
Nie znaleziono quizów pasujących do podanych kryteriów
Rozkład punktacji
Procent ludzi z każdym wynikiem
Percentyl według liczby udzielonych odpowiedzi
Twoja historia wyników
Nie rozwiązałeś tego quizu